| 000 | 00514nam a2200169 i 4500 | ||
|---|---|---|---|
| 001 | 43451 | ||
| 003 | ES-MaACL | ||
| 005 | 20230906160809.0 | ||
| 007 | t| | ||
| 008 | 030317s1889 sp ||||1| spa d | ||
| 245 | 0 | 0 | _aCatálogo especial de la Facultad de Derecho. |
| 260 |
_aOviedo : _b[s.n.], _c1889 ( _fTip. de Vicente Brid) |
||
| 300 |
_a39 p. ; _c21 cm. |
||
| 500 | _aPrecede al tít.: Universidad de Oviedo. | ||
| 710 | 0 |
_aUniversidad de Oviedo. _bFacultad de Derecho. _97265 |
|
| 852 |
_aES-MaACL _jT-566-F-4 |
||
| 999 |
_c43451 _d43451 |
||